| 000 | 02637cam a2200409 i 4500 | ||
|---|---|---|---|
| 001 | 21228144 | ||
| 005 | 20251223145104.0 | ||
| 008 | 191004s2020 flua b 001 0 eng | ||
| 010 | _a 2019042593 | ||
| 020 |
_a9780367434786 _q(hardback : alk. paper) |
||
| 020 |
_a9781498756631 _q(paperback : alk. paper) |
||
| 020 |
_z9781003003564 _q(ebook) |
||
| 035 | _a21228144 | ||
| 040 |
_aDNLM/DLC _beng _cDLC _erda _dDLC |
||
| 042 | _apcc | ||
| 050 | 0 | 0 |
_aR855.3 _b.B34 2020 |
| 060 | 1 | 0 | _aW 26.5 |
| 082 | 0 | 0 |
_a610.285 _223 |
| 100 | 1 |
_aBansal, Arvind Kumar, _eauthor. _9132555 |
|
| 245 | 1 | 0 |
_aIntroduction to computational health informatics / _cby Arvind Kumar Bansal, (principal) Kent State University, Javed Iqbal Khan, Kent State University, S. Kaisar Alam, President & Chief Engineer at Imagine Consulting Services. |
| 264 | 1 |
_aBoca Raton : _bCRC Press/Taylor&Francis Group, _c[2020] |
|
| 300 |
_axxxiv, 576 pages : _billustrations ; _c27 cm |
||
| 336 |
_atext _btxt _2rdacontent |
||
| 337 |
_aunmediated _bn _2rdamedia |
||
| 338 |
_avolume _bnc _2rdacarrier |
||
| 490 | 1 | _aChapman & Hall/CRC data mining and knowledge discovery series | |
| 504 | _aIncludes bibliographical references and index. | ||
| 505 | 0 | _aFundamentals -- Intelligent data analysis techniques -- Healthcare data organization -- Medical image informatics -- DICOM - medical image communication -- Bioelectric and biomagnetic signal analysis -- Clinical data analytics -- Pervasive health care -- Bioinformatics for disease and drug -- Incorporating end-user's emotion. | |
| 520 |
_a"This class-tested textbook is designed for a semester-long graduate, or senior undergraduate course on Computational Health Informatics. Integrating a computer science perspective with a clinical perspective, the book is designed to prepare computer science students for careers in computational health informatics and medical data analysis. The focus of the book is on clinical issues that require computational analysis, informatics, or automation. It also teaches various artificial intelligence techniques, statistical techniques, and computational techniques that are widely used in health data analysis and health informatics"-- _cProvided by publisher. |
||
| 650 | 1 | 2 |
_aMedical Informatics _98016 |
| 700 | 1 |
_aKhan, Javed I. _c(Professor of computer science), _eauthor. _9132556 |
|
| 700 | 1 |
_aAlam, S. Kaisar, _eauthor. _9132557 |
|
| 830 | 0 |
_aChapman & Hall/CRC data mining and knowledge discovery series. _9132558 |
|
| 906 |
_a7 _bcbc _corignew _d1 _eecip _f20 _gy-gencatlg |
||
| 942 |
_2ddc _cBK |
||
| 999 |
_c615684 _d615684 |
||